000 01056nam a2200301 i 4500
001 000012705
003 DO-SdBNP
005 20260321073639.0
006 a||||gr|||| 00| 0
007 ta
008 091116e1989 dr a 000 f spa d
040 _aDO-SdBNP
_bspa
_cBNPHU
_erda
082 4 _aRD863.44
_bR466p
_222
100 1 _aReynoso de Abud, Ana Silvia,
_d1939-
_929477
_eautor
245 1 0 _aPinceladas :
_bmemorias tempranas /
_cAna Silvia Reynoso de Abud ; introducción, Juan Bosch.
264 1 _aSanto Domingo :
_bUniversitaria -UASD,
_c1989.
300 _a206 páginas :
_bIlustraciones ;
_c21 cm.
336 _2rdacontent
_atexto
_btxt
337 _2rdamedia
_asin mediación
_bn
338 _2rdacarrier
_avolumen
_bnc
500 _aIncluye breve biografía de la autora en la contra cubierta.
590 _aInventariado, 2024 / MF
650 0 _aNovela dominicana
_9223
650 0 _aLiteratura dominicana.
_967
700 1 2 _a Bosch, Juan,
_d1909-2001
_eintroducción
_976555
910 _aValidado. Control de calidad MFF
942 _2ddc
_cLBS1
999 _c12356
_d12356